Simulador para el control de procesos
Gardado en:
| Autor Principal: | |
|---|---|
| Outros autores: | |
| Formato: | Libro |
| Publicado: |
[San José, Costa Rica]
2003
|
| Materias: | |
| Etiquetas: |
Engadir etiqueta
Sen Etiquetas, Sexa o primeiro en etiquetar este rexistro!
|
MARC
| LEADER | 00000nam a2200000Ia 4500 | ||
|---|---|---|---|
| 003 | 009201 | ||
| 005 | 20221231144146.0 | ||
| 008 | 140114s2003 cr a m 000 ||s d | ||
| 040 | |c cru CEDI | ||
| 090 | |a TFG 4741 | ||
| 100 | |a Castro Herrera, Andrey |9 6903 | ||
| 245 | |a Simulador para el control de procesos | ||
| 260 | |c 2003 |a [San José, Costa Rica] | ||
| 300 | |a x, 91 hojas : ilustraciones | ||
| 500 | |a Proyecto de graduación (bachillerato en ingeniería eléctrica)--Universidad de Costa Rica. Facultad de Ingeniería. Escuela de Ingeniería Eléctrica | ||
| 650 | |x CONTROL AUTOMATICO |x SIMULACION POR COMPUTADORA |x TEORIA DEL CONTROL |9 6904 | ||
| 700 | |9 3140 |a Mazón Villegas, Adrián | ||
| 942 | |c TFG | ||
| 999 | |c 17740 |d 17740 | ||
